000 00290nam a22001337a 4500
008 171102b xxu||||| |||| 00| 0 eng d
020 _a003063556-X
041 _aeng
080 _a33
100 _a59
101 _aBUS
245 _aINTERNATIONAL BUSINESS
_cWEEKLY,J.,K
942 _2udc
_cBK
999 _c37243
_d37243